000 01227nam a2200229 a 4500
001 000026420
005 20240302073950.0
008 110317s1995 dr acd 001 0 spa d
040 _aDO-SdBNP
_bspa
_cBNPHU
082 _a305.235
_bC343j
100 1 _aCassá, Roberto,
_d1948-
_910888
245 1 4 _aLos jóvenes dominicanos :
_bsituación y tareas /
_cRoberto Cassá.
260 _aSanto Domingo :
_bGrupo de Investigación para la Acción Comunitaria,
_c1995.
300 _a149 p. ;
_c18 cm.
504 _aIncluye bibliografía y notas al pie de páginas.
505 0 _gPresentación --
_gIntroducción --
_tIntroducción al proceso histórico de la República Dominicana --
_tLa juventud en los procesos políticos --
_tLa juventud en el conjunto de la población --
_tNuevas funciones de la Educación --
_tLa juventud en el mundo del trabajo --
_tEfectos de la evolución familiar --
_tLa desilución: cambios de valores y de referencias políticas --
_tSugerencias para la acción --
_gAnexos.
590 _aInventariado, 2018/VM
650 4 _aJóvenes
_xCondiciones sociales
_91113
650 4 _aJóvenes
_xConducta de vida
_91114
650 4 _aJóvenes
_zRepública Dominicana
_91115
910 _aValidado. Control de calidad EMS
999 _c25912
_d25912